000
00284nam a22001337a 4500
008
180926b xxu||||| |||| 00| 0 eng d
020
_a
9781932628272
041
_a
eng
080
_a
510
100
_a
37
101
_a
MAT
245
_a
Algebra College
_c
Sisson.P
942
_2
udc
_c
BK
999
_c
48525
_d
48525